All the Cities on my World Map-Asia Edition - Statistics

General Stats
  • This quiz has been taken 10 times
    3 since last reset
  • The average score is 65 of 130
Answer Stats
Country Population City % Correct
United Arab Emirates 1.8m Abu Dhabi
100%
Turkey 5.04m Ankara
100%
Kazakhstan 1m Astana/Nur Sultan
100%
Iraq 6.7m Baghdad
100%
Kyrgyzstan 900k Bishkek
100%
Bangladesh 11m Dhaka
100%
Qatar 587,055 Doha
100%
United Arab Emirates 3.3m Dubai
100%
Tajikistan 778,500 Dushanbe
100%
Vietnam 1.4m Hanoi
100%
Japan 1.1m Hiroshima
100%
Vietnam 3.4m Ho Chi Minh
100%
Pakistan 1m Islamabad
100%
Turkey 15.1m Istanbul
100%
Indonesia 10.5m Jakarta
100%
Israel 874,186 Jerusalem
100%
Afghanistan 4.2m Kabul
100%
Nepal 1m Kathmandu
100%
Malaysia 7.5m Kuala Lumpar/Kuala Lumpur
100%
Kuwait 60,064 Kuwait City
100%
Bahrain 143,035 Manama
100%
Philippines 23.3m Manila
100%
Saudi Arabia 1.6m Mecca
100%
Japan 416,419 Nagasaki
100%
Myanmar 1.1m Naypyidaw
100%
Japan 2.7m Osaka
100%
North Korea 3.2m Pyongyang
100%
Saudi Arabia 5.3m Riyadh
100%
South Korea 10m Seoul
100%
_________ 5.9m Singapore
100%
Taiwan 2.6m Taipei
100%
Uzbekistan 2.5m Tashkent
100%
Iran 8.1m Tehran
100%
Bhutan 115k Thimphu
100%
Japan 9.5m Tokyo
100%
Turkey 1.74m Adana
50%
Yemen 550k Aden
50%
Syria 1.7m Aleppo
50%
Kazakhstan 1.8m Almaty
50%
Jordan 4m Amman
50%
Turkey 1.24m Antayla/Antalya
50%
Turkmenistan 727k Ashgabat
50%
Kazakhstan 269,704 Atyrau
50%
Azerbaijan 2.2m Baku
50%
Brunei 434k Bandar Seri Begawan
50%
Indonesia 2.3m Bandung
50%
Thailand 14.5m Bangkok
50%
Iraq 1.3m Basra
50%
Lebanon 2.4m Beirut
50%
Turkey 1.97m Bursa
50%
South Korea 3.4m Busan
50%
Philippines 2.4m Cebu
50%
Bangladesh 3.67m Chittagong
50%
Syria 2.3m Damascus
50%
Saudi Arabia 903,597 Dammam
50%
Vietnam 752k Da Nang
50%
Philippines 1.4m Davao
50%
East Timor 222,323 Dili
50%
Japan 1.5m Fukuoka
50%
Vietnam 602k Haiphong
50%
Afghanistan 560k Herat
50%
Iran 1.7m Isfahan
50%
Turkey 2.96m Izmir
50%
Saudi Arabia 3.4m Jeddah
50%
Afghanistan 610k Kandahar
50%
Taiwan 2.7m Kaohsiung
50%
Pakistan 14.9m Karachi
50%
Turkey 1.30m Konya
50%
Pakistan 11.1m Lahore
50%
Indonesia 1.6m Makassar
50%
Myanmar 1.2m Mandalay
50%
Iran 2.7m Mashhad
50%
Indonesia 2.4m Medan
50%
Saudi Arabia 1.1m Medina
50%
Iraq 1.3m Mosul
50%
Pakistan 1.8m Multan
50%
Oman 797k Muscat
50%
Cambodia 1.5m Phnom Penh
50%
Iran 1m Qom
50%
Pakistan 1m Quetta
50%
Pakistan 2m Rawalpindi
50%
Uzbekistan 513,572 Samarkand/Samarqand
50%
Yemen 1.9m Sanaa
50%
Japan 1.9m Sapporo
50%
Japan 1m Sendai
50%
Iran 1.4m Shiraz
50%
Georgia 1.1m Tbilisi
50%
Laos 196k Vientiane
50%
Myanmar 5.2m Yangon
50%
Armenia 1m Yerevan
50%
Japan 3.7m Yokohama
50%
Japan 308,482 Akita
0%
Iran 418,262 Ardabil
0%
Japan 332,131 Asahikawa
0%
Philippines 617,227 Bacolod
0%
Philippines 345,366 Baguio
0%
Indonesia 1.1m Bandar Lumpang
0%
Uzbekistan 279,200 Buxoro/Bukhara
0%
Philippines 716,057 Cagayan de Oro
0%
North Korea 327k Chongjin
0%
Turkey 1.04m Diyarbakir
0%
Japan 256,476 Hakodate
0%
Indonesia 413,283 Jayapura
0%
Saudi Arabia 105,193 Jizan
0%
Japan 597,193 Kagoshima
0%
Kazakhstan 497,767 Karagandy/Qaraghandy/Qaragandy
0%
Iran 534,441 Kerman
0%
Japan 945,595 Kitakyushu
0%
Japan 1.5m Kobe
0%
Japan 1.4m Kyoto
0%
Indonesia 808,945 Malang
0%
Japan 2.3m Nagoya
0%
Kazakhstan 331,597 Oskemen
0%
Indonesia 872,271 Padang
0%
Indonesia 1.5m Palembang
0%
Kazakhstan 333,818 Pavlodar
0%
Indonesia 651,139 Pontianak
0%
Kazakhstan 239,042 Qyzylorda
0%
Iran 639,951 Rasht
0%
Indonesia 1.6m Semarang
0%
Kazakhstan 323,199 Semey
0%
Kazakhstan 1m Shymkent
0%
Indonesia 2.8m Surabaya
0%
Israel 435,855 Tel Aviv Yafo
0%
Turkmenistan 68k Turkmenbasy
0%
Indonesia 407,617 Yogyakarta
0%
Iran 560,725 Zahedan
0%
Philippines 695,176 Zamboanga
0%
No matching quizzes found
Score Distribution
Percent of People with Each Score
Percentile by Number Answered
Your Score History
You have not taken this quiz since the last reset